Hoá học 11

Salvato in:
Dettagli Bibliografici
Autore principale: Nguyễn, Xuân Trường
Natura: Libro
Lingua:Undetermined
Pubblicazione: Hà Nội Giáo dục 2010
Soggetti:
Tags: Aggiungi Tag
Nessun Tag, puoi essere il primo ad aggiungerne! !
Thư viện lưu trữ: Trung tâm Học liệu Trường Đại học Cần Thơ
LEADER 00613nam a2200205Ia 4500
001 CTU_157873
008 210402s9999 xx 000 0 und d
020 |c 13700 
082 |a 540.712 
082 |b Tr561/L.11 
100 |a Nguyễn, Xuân Trường 
245 0 |a Hoá học 11 
245 0 |c Nguyễn Xuân Trường (Tổng Chủ biên) 
260 |a Hà Nội 
260 |b Giáo dục 
260 |c 2010 
650 |a Chemistry 
650 |x Study and teaching (Secondary) 
904 |i Đào Thị Bé Ba (Bạch Trúc) 
980 |a Trung tâm Học liệu Trường Đại học Cần Thơ